[Event "XXVII Torneo San Viator - Memorial Pepe"]
[Site "Colegio San Viator. Plaza Fer"]
[Date "2016.10.23"]
[Round "6.13"]
[White "Berlana San Segundo, Miguel"]
[Black "Marcelo De La Mata, Daniel"]
[Result "0-1"]
[WhiteElo "1440"]
[BlackElo "1661"]
[PlyCount "98"]
[EventDate "2016.09.25"]
[EventRounds "9"]
[EventCountry "ESP"]

1. e4 c6 2. d4 d5 3. exd5 cxd5 4. Nc3 Nf6 5. Nf3 Bd7 6. Bg5 e6 7. Bd3 Be7 8.
O-O a6 9. h3 h6 10. Bh4 Nc6 11. Ne2 Qc7 12. Bg3 Bd6 13. c3 O-O 14. Bc2 Rac8 15.
Rc1 Ne7 16. Nh4 Ne4 17. Qd3 f5 18. Bxd6 Qxd6 19. Qd1 g5 20. Bxe4 dxe4 21. Nxf5
exf5 22. Ng3 Be6 23. Qc2 Bc4 24. Rfe1 Bd3 25. Qd2 Ng6 26. Nh5 Rce8 27. Ng3 Nf4
28. Re3 Nd5 29. Ree1 f4 30. Nf1 Qg6 31. c4 Nc7 32. Qb4 b6 33. Nd2 e3 34. fxe3
fxe3 35. Nf3 Rf6 36. Qb3 Kh7 37. Rcd1 Bf5 38. Qc3 Bxh3 39. Rxe3 Rxe3 40. Qxe3
Re6 41. Ne5 Qc2 42. Rd2 Qb1+ 43. Kh2 Bf5 44. Rf2 Ne8 45. Qf3 Rf6 46. Qb7+ Ng7
47. g4 Be4 48. Qxe4+ Qxe4 49. Rxf6 Qxd4 0-1

[Event "XXVII Torneo San Viator - Memorial Pepe"]
[Site "Colegio San Viator. Plaza Fer"]
[Date "2016.10.23"]
[Round "6.14"]
[White "Gallego Romero, Manuel"]
[Black "Casado Salvo, Jose Maria"]
[Result "0-1"]
[WhiteElo "1435"]
[BlackElo "1629"]
[PlyCount "102"]
[EventDate "2016.09.25"]
[EventRounds "9"]
[EventCountry "ESP"]

1. e4 c6 2. d4 d5 3. e5 c5 4. c3 Nc6 5. h3 e6 6. a3 Qb6 7. Nf3 Nge7 8. dxc5
Qxc5 9. Be3 Qa5 10. Bd3 Ng6 11. Bxg6 hxg6 12. O-O Qc7 13. Bf4 b6 14. Re1 Ba6
15. Nbd2 Na5 16. Qa4+ Qc6 17. Qxc6+ Nxc6 18. Bg5 Be7 19. Bxe7 Nxe7 20. Ng5 O-O
21. Nb3 Rac8 22. Nd4 Nf5 23. Nxf5 gxf5 24. Rad1 Rc4 25. Rd4 Rfc8 26. Rd2 Kf8
27. Re3 Ke7 28. Rg3 Rh8 29. Nf3 g6 30. Nd4 Rh5 31. b3 Rc8 32. b4 f4 33. Rf3
Rxe5 34. Rxf4 Rxc3 35. b5 Bb7 36. a4 Re1+ 37. Kh2 Ra1 38. Re2 Rc4 39. Rc2 Raxa4
40. Rf3 Rxc2 41. Nxc2 Rc4 42. Na3 Rc5 43. Rb3 d4 44. Rb2 e5 45. Nb1 Bd5 46. Nd2
f5 47. f3 Bc4 48. Nxc4 Rxc4 49. Ra2 Rc7 50. Kg3 d3 51. Kf2 Rc2+ 0-1

[Event "XXVII Torneo San Viator - Memorial Pepe"]
[Site "Colegio San Viator. Plaza Fer"]
[Date "2016.10.23"]
[Round "6.15"]
[White "Ramos Barbancho, Jose Manuel"]
[Black "Fogue Angelina, Hugo"]
[Result "0-1"]
[WhiteElo "1376"]
[BlackElo "1583"]
[PlyCount "100"]
[EventDate "2016.09.25"]
[EventRounds "9"]
[EventCountry "ESP"]

1. c4 c6 2. Nc3 Nf6 3. g3 d5 4. cxd5 cxd5 5. e3 e6 6. Nf3 Bd7 7. Bg2 Bd6 8. O-O
O-O 9. Rb1 a6 10. b4 Qe7 11. Qb3 b5 12. a4 bxa4 13. Nxa4 Bb5 14. d3 Nc6 15. Bd2
Rfb8 16. Rfc1 Bxa4 17. Qxa4 Nxb4 18. Bxb4 Rxb4 19. Rxb4 Bxb4 20. Ne5 Bd6 21. d4
Bxe5 22. dxe5 Qd7 23. Qc2 Ne8 24. h4 Ra7 25. h5 Rc7 26. Qd1 Rxc1 27. Qxc1 Qc7
28. Qa1 a5 29. Bf1 Qc5 30. Qa4 Kf8 31. Bb5 Nc7 32. Qxa5 Ke7 33. Qa4 Qxb5 34.
Qh4+ f6 35. Kh2 Qc4 36. g4 Qe4 37. f4 d4 38. h6 dxe3 39. hxg7 Qg6 40. Qxf6+
Qxf6 41. exf6+ Kf7 42. Kg3 e2 43. Kf2 Nd5 44. g5 Nxf4 45. Ke1 Nh3 46. Kxe2 Nxg5
47. Ke3 h6 48. Kf4 Nh7 49. g8=Q+ Kxg8 50. Ke5 Kf7 0-1

[Event "XXVII Torneo San Viator - Memorial Pepe"]
[Site "Colegio San Viator. Plaza Fer"]
[Date "2016.10.23"]
[Round "6.16"]
[White "Bustos Bernardo, Diego"]
[Black "Corral Sanchez, Jesus"]
[Result "1-0"]
[WhiteElo "1435"]
[BlackElo "1581"]
[PlyCount "83"]
[EventDate "2016.09.25"]
[EventRounds "9"]
[EventCountry "ESP"]

1. Nf3 Nf6 2. c4 d5 3. d4 c6 4. Nc3 dxc4 5. a4 Bf5 6. e3 e6 7. Bxc4 Bb4 8. Qb3
Qe7 9. O-O O-O 10. Ne5 Rd8 11. f3 Nbd7 12. e4 Bg6 13. Nxg6 hxg6 14. Bg5 a5 15.
e5 Nxe5 16. dxe5 Qc5+ 17. Kh1 Qxe5 18. Bxf6 gxf6 19. Na2 Rd2 20. Nxb4 axb4 21.
Qxb4 Rxb2 22. Qe1 Qd4 23. Qc1 Kg7 24. Rd1 Qf2 25. Rg1 Rh8 26. Qe1 Qd4 27. Qe4
Qd6 28. f4 g5 29. Rab1 Rxb1 30. Rxb1 gxf4 31. Qf3 Qc7 32. Rf1 e5 33. Bd3 Qd7
34. Rd1 Qe6 35. g4 Qa2 36. Qg2 Qxa4 37. Rb1 Qd4 38. Be4 Qa7 39. g5 Kf8 40. gxf6
Rg8 41. Qh3 Qd4 42. Qc8+ 1-0

[Event "XXVII Torneo San Viator - Memorial Pepe"]
[Site "Colegio San Viator. Plaza Fer"]
[Date "2016.10.23"]
[Round "6.17"]
[White "Alcojor Patilla, Antonio"]
[Black "Benitez Robles, Antonio"]
[Result "1-0"]
[WhiteElo "1521"]
[BlackElo "1344"]
[PlyCount "51"]
[EventDate "2016.09.25"]
[EventRounds "9"]
[EventCountry "ESP"]

1. e4 e5 2. Nf3 Nc6 3. Bc4 Nf6 4. d3 Be7 5. h3 O-O 6. Nc3 a6 7. Be3 d6 8. d4
exd4 9. Nxd4 Ne5 10. Bd3 c5 11. Nf3 Be6 12. O-O Qc7 13. a4 d5 14. exd5 Nxd5 15.
Nxd5 Bxd5 16. Bxh7+ Kh8 17. Qxd5 Nxf3+ 18. Qxf3 Kxh7 19. Rfd1 a5 20. Bf4 Qb6
21. Qe4+ Kg8 22. Qxe7 Rae8 23. Qc7 Qxb2 24. Bd6 Rc8 25. Qxa5 Qb3 26. cxb3 1-0

[Event "XXVII Torneo San Viator - Memorial Pepe"]
[Site "Colegio San Viator. Plaza Fer"]
[Date "2016.10.23"]
[Round "6.19"]
[White "Cortijo Manso, Luis"]
[Black "Garcia Pumarega, Alejandro"]
[Result "1-0"]
[WhiteElo "1504"]
[BlackElo "1315"]
[PlyCount "73"]
[EventDate "2016.09.25"]
[EventRounds "9"]
[EventCountry "ESP"]

1. Nf3 d5 2. d4 Nf6 3. g3 e6 4. Bg2 Be7 5. Nbd2 Nbd7 6. O-O O-O 7. c4 b6 8.
cxd5 exd5 9. Nb1 Bb7 10. Nc3 Rc8 11. Bf4 c5 12. Nb5 a6 13. Nd6 Bxd6 14. Bxd6
Re8 15. dxc5 Nxc5 16. Bf4 Qe7 17. Nd4 Rcd8 18. Re1 Nh5 19. Bc1 Nf6 20. b4 Nce4
21. a3 Qe5 22. Bf4 Qe7 23. Rc1 Nh5 24. Bc7 Rc8 25. Bxb6 Nc3 26. Qd3 Na4 27. Nf5
Qe6 28. Bd4 Rxc1 29. Rxc1 Qxe2 30. Qxe2 Rxe2 31. Nd6 h6 32. Nxb7 Re7 33. Nc5
Nxc5 34. Bxc5 Rd7 35. Rd1 Nf6 36. Bh3 Rd8 37. Be7 1-0

[Event "XXVII Torneo San Viator - Memorial Pepe"]
[Site "Colegio San Viator. Plaza Fer"]
[Date "2016.10.23"]
[Round "6.20"]
[White "Simon Escalona, Irene"]
[Black "Coronado Riscos, Hector"]
[Result "1-0"]
[WhiteElo "1488"]
[BlackElo "1034"]
[PlyCount "43"]
[EventDate "2016.09.25"]
[EventRounds "9"]
[EventCountry "ESP"]

1. e4 d6 2. d4 Nf6 3. Nc3 g6 4. Bg5 Bg7 5. e5 dxe5 6. dxe5 Qxd1+ 7. Rxd1 Nfd7
8. Nd5 Bxe5 9. Nf3 c6 10. Nxe7 Na6 11. Nxe5 Nxe5 12. Nxc8 Rxc8 13. Bf6 Nf3+ 14.
gxf3 Rg8 15. Bh3 Rb8 16. O-O Nb4 17. Rfe1+ Kf8 18. Be7+ Kg7 19. Bxb4 Rge8 20.
Rxe8 Rxe8 21. Bc3+ Kg8 22. Rd7 1-0

[Event "XXVII Torneo San Viator - Memorial Pepe"]
[Site "Colegio San Viator. Plaza Fer"]
[Date "2016.10.23"]
[Round "6.22"]
[White "Garcia Lozano, Javier"]
[Black "Tudela Garcia, Antonio"]
[Result "0-1"]
[WhiteElo "1359"]
[BlackElo "1648"]
[PlyCount "76"]
[EventDate "2016.09.25"]
[EventRounds "9"]
[EventCountry "ESP"]

1. e4 e5 2. Nf3 Nc6 3. Bb5 a6 4. Ba4 Be7 5. O-O Nf6 6. Bxc6 dxc6 7. Nc3 Bg4 8.
d3 Qd6 9. Be3 O-O-O 10. Qe2 Nd7 11. h3 Bxf3 12. Qxf3 Qe6 13. d4 exd4 14. Bxd4
f6 15. Qe2 Bd6 16. Rfb1 Qe7 17. a3 Bc5 18. Qe3 Bxd4 19. Qxd4 Nb6 20. Qe3 Qe5
21. b4 Qd4 22. Qxd4 Rxd4 23. Rd1 Rhd8 24. Rxd4 Rxd4 25. Rd1 Rxd1+ 26. Nxd1 Nc4
27. a4 a5 28. c3 b5 29. bxa5 bxa4 30. a6 a3 31. f4 a2 32. Nf2 a1=Q+ 33. Kh2
Qxc3 34. Ng4 Qd2 35. e5 Qxf4+ 36. g3 Qd2+ 37. Kg1 Ne3 38. Nf2 Qe1+ 0-1

[Event "XXVII Torneo San Viator - Memorial Pepe"]
[Site "Colegio San Viator. Plaza Fer"]
[Date "2016.10.23"]
[Round "6.23"]
[White "Salgado Duarte, Pablo"]
[Black "Aparicio Iriso, Miguel"]
[Result "0-1"]
[WhiteElo "1571"]
[BlackElo "1325"]
[PlyCount "64"]
[EventDate "2016.09.25"]
[EventRounds "9"]
[EventCountry "ESP"]

1. d4 Nf6 2. c4 e6 3. Nf3 b6 4. Nc3 Bb4 5. Bd2 c5 6. e3 Bb7 7. Be2 O-O 8. O-O
cxd4 9. exd4 Bxc3 10. Bxc3 d6 11. Bd3 Nbd7 12. Re1 Qc7 13. b3 Rac8 14. Rc1 Qb8
15. h3 d5 16. Ne5 Rfd8 17. Bb4 dxc4 18. bxc4 Nxe5 19. dxe5 Ne4 20. Qc2 Nc5 21.
Bxc5 Rxc5 22. Bxh7+ Kf8 23. Be4 Rxe5 24. Bxb7 Rxe1+ 25. Rxe1 Qxb7 26. Qh7 g6
27. g3 Qc6 28. Qh8+ Ke7 29. Qc3 Ke8 30. Rc1 b5 31. cxb5 Rd1+ 32. Kh2 Qh1# 0-1

[Event "XXVII Torneo San Viator - Memorial Pepe"]
[Site "Colegio San Viator. Plaza Fer"]
[Date "2016.10.23"]
[Round "6.24"]
[White "Carnero Barbulo, Daniel"]
[Black "Lopez Martin, Israel"]
[Result "1-0"]
[WhiteElo "1325"]
[BlackElo "1478"]
[PlyCount "63"]
[EventDate "2016.09.25"]
[EventRounds "9"]
[EventCountry "ESP"]

1. d4 d5 2. c4 c6 3. Nf3 Nf6 4. Bg5 Nbd7 5. e3 e6 6. Nc3 Bb4 7. a3 Ba5 8. b4
Bc7 9. c5 b6 10. b5 Bb7 11. Qa4 bxc5 12. bxc6 Nb6 13. Qb5 Bc8 14. Qxc5 Bd6 15.
Qb5 Qc7 16. Bxf6 gxf6 17. Bd3 a5 18. O-O Ba6 19. Qb1 Qxc6 20. Rc1 Nc4 21. Bxc4
Bxc4 22. Ne2 Rb8 23. Qc2 Qa6 24. Nf4 e5 25. Qf5 exf4 26. Qxf6 Rg8 27. Ne5 Rb7
28. Rab1 Rg6 29. Qh8+ Rg8 30. Qxg8+ Ke7 31. Rxb7+ Qxb7 32. Qxf7+ 1-0

[Event "XXVII Torneo San Viator - Memorial Pepe"]
[Site "Colegio San Viator. Plaza Fer"]
[Date "2016.10.23"]
[Round "6.25"]
[White "Del Noval Nemeshazi, Mario"]
[Black "Garcia Taheno, Juan"]
[Result "0-1"]
[WhiteElo "1304"]
[BlackElo "1448"]
[PlyCount "114"]
[EventDate "2016.09.25"]
[EventRounds "9"]
[EventCountry "ESP"]

1. e4 c6 2. d4 d5 3. exd5 cxd5 4. Nf3 Bg4 5. h3 Bxf3 6. Qxf3 e6 7. Nc3 Bb4 8.
a3 Bxc3+ 9. Qxc3 Nc6 10. Bb5 Rc8 11. O-O h6 12. Bd2 a6 13. Bd3 Nge7 14. Rfe1
O-O 15. Re3 g6 16. Rg3 h5 17. Be2 Nf5 18. Rg5 Ncxd4 19. Qd3 Rxc2 20. Rxf5 Rxd2
21. Qxd2 Nxf5 22. Rc1 Qd7 23. Qc3 Nd6 24. Qg3 Ne4 25. Qh4 Rc8 26. Rxc8+ Qxc8
27. Bf3 Qc1+ 28. Kh2 Qg5 29. Qxg5 Nxg5 30. Kg3 Nxf3 31. Kxf3 Kg7 32. Kf4 Kf6
33. g4 hxg4 34. hxg4 g5+ 35. Ke3 Ke5 36. f3 f6 37. b4 b5 38. Kf2 Kd4 39. Ke2 e5
40. Kd2 e4 41. fxe4 Kxe4 42. Ke2 Kf4 43. Kd3 Kxg4 44. Kd4 Kf4 45. Kxd5 g4 46.
Kc6 g3 47. Kb6 g2 48. Kxa6 g1=Q 49. Kxb5 Qa7 50. a4 Ke5 51. a5 Kd5 52. a6 f5
53. Ka5 Kc6 54. b5+ Kc5 55. Ka4 Qb6 56. Ka3 Qxb5 57. a7 Qa5+ 0-1

[Event "XXVII Torneo San Viator - Memorial Pepe"]
[Site "Colegio San Viator. Plaza Fer"]
[Date "2016.10.23"]
[Round "6.26"]
[White "Periotto Miori, Caterina"]
[Black "Blasco Gallardo, Francisco"]
[Result "1/2-1/2"]
[WhiteElo "1151"]
[BlackElo "1438"]
[PlyCount "82"]
[EventDate "2016.09.25"]
[EventRounds "9"]
[EventCountry "ESP"]

1. d4 g6 2. c4 Bg7 3. Nc3 d6 4. e4 Nd7 5. Be3 c5 6. d5 Ngf6 7. h3 Qa5 8. Bd2
Qd8 9. Nf3 O-O 10. Bd3 Ne8 11. Qc1 Ne5 12. Nxe5 Bxe5 13. O-O Bd7 14. Re1 Qc8
15. Re3 Ng7 16. Bf1 f5 17. Re1 f4 18. f3 Bd4+ 19. Kh2 Nh5 20. Ne2 Bf2 21. Rd1
g5 22. Be1 Be3 23. Bd2 Bf2 24. Be1 Bxe1 25. Rxe1 h6 26. Qc3 e5 27. dxe6 Bxe6
28. Rad1 Qc7 29. Rc1 Qf7 30. Red1 Rad8 31. b3 Ng7 32. Qd3 h5 33. Nc3 g4 34. Be2
g3+ 35. Kg1 h4 36. Nb5 Ne8 37. Nxa7 Ra8 38. Nb5 Rxa2 39. Nxd6 Nxd6 40. Bf1 Ne8
41. Qc3 Qf6 1/2-1/2

[Event "XXVII Torneo San Viator - Memorial Pepe"]
[Site "Colegio San Viator. Plaza Fer"]
[Date "2016.10.23"]
[Round "6.29"]
[White "Lopez Nunez, Alonso"]
[Black "Lozano Serrano, Nuria"]
[Result "1-0"]
[WhiteElo "1361"]
[BlackElo "1188"]
[PlyCount "103"]
[EventDate "2016.09.25"]
[EventRounds "9"]
[EventCountry "ESP"]

1. e4 e5 2. Nf3 Nc6 3. Bb5 Nf6 4. O-O a6 5. Ba4 Be7 6. Re1 O-O 7. c3 d6 8. h3
b5 9. Bc2 Bb7 10. d4 exd4 11. Nxd4 Nxd4 12. cxd4 c5 13. Bf4 Rc8 14. dxc5 dxc5
15. Nc3 b4 16. Na4 Qxd1 17. Raxd1 Rfd8 18. f3 h6 19. Nb6 Rc6 20. Nc4 Rcc8 21.
Na5 Bc6 22. Rxd8+ Bxd8 23. Nc4 Bc7 24. Be3 Bg3 25. Rd1 Bb5 26. b3 Nd7 27. Nd6
Bxd6 28. Rxd6 Nf6 29. Bd3 Bxd3 30. Rxd3 Kf8 31. Rd6 a5 32. Ra6 c4 33. bxc4 Rxc4
34. Rxa5 Nd7 35. Ra4 Ne5 36. Rxb4 Rc8 37. Bf4 Nd3 38. Rb8 Rxb8 39. Bxb8 Ke7 40.
Kf1 Kd7 41. a3 Nc5 42. Ke2 Kc6 43. Kd2 Kb5 44. Bd6 Na4 45. Bf8 g6 46. Bxh6 Kc6
47. h4 Kd6 48. g4 Ke6 49. h5 Kf6 50. Kd3 Ke5 51. Bg7+ Ke6 52. h6 1-0

[Event "XXVII Torneo San Viator - Memorial Pepe"]
[Site "Colegio San Viator. Plaza Fer"]
[Date "2016.10.23"]
[Round "6.30"]
[White "Baranco Gonzalez, Nicolas"]
[Black "Ghavami, Mahmoud"]
[Result "0-1"]
[WhiteElo "1300"]
[BlackElo "1592"]
[PlyCount "124"]
[EventDate "2016.09.25"]
[EventRounds "9"]
[EventCountry "ESP"]

1. e4 e6 2. Nf3 c5 3. Nc3 a6 4. Bc4 b5 5. Be2 Nc6 6. O-O Nge7 7. d4 Ng6 8. d5
Nce5 9. dxe6 fxe6 10. Nxe5 Nxe5 11. Bf4 Ng6 12. Bd6 Bxd6 13. Qxd6 Qe7 14. Qxe7+
Kxe7 15. Bf3 Ne5 16. Be2 Bb7 17. f4 Nc6 18. Rfe1 Nd4 19. Bd1 g6 20. Ne2 Nxe2+
21. Rxe2 Rhf8 22. g3 Kf6 23. c3 d5 24. Bc2 Rae8 25. e5+ Kg7 26. Rf1 Rd8 27. Rd2
Rf7 28. a4 Rdf8 29. axb5 axb5 30. Rdf2 Bc6 31. b3 Ra7 32. Bb1 Ra3 33. Bc2 c4
34. Rb1 Rfa8 35. Rff1 Ra2 36. Rfc1 R8a3 37. Kf1 cxb3 38. Rxb3 Rxb3 39. Bxb3
Rxh2 40. Kg1 Rb2 41. Bd1 Ra2 42. Bc2 Kf7 43. g4 Bd7 44. Bd3 Rd2 45. Bf1 Ra2 46.
Rb1 Ra4 47. Rb4 Rxb4 48. cxb4 h6 49. Kf2 Bc6 50. Ke3 Ke7 51. Kd4 Kd8 52. Kc5
Kc7 53. Bxb5 Bxb5 54. Kxb5 Kb7 55. Kc5 h5 56. gxh5 gxh5 57. Kd6 h4 58. Kxe6 h3
59. Kd7 h2 60. e6 h1=Q 61. e7 Qh3+ 62. Kd8 Qc8# 0-1

[Event "XXVII Torneo San Viator - Memorial Pepe"]
[Site "Colegio San Viator. Plaza Fer"]
[Date "2016.10.23"]
[Round "6.33"]
[White "Rufo Yebra, Benito"]
[Black "Giron Herranz, Juan"]
[Result "1-0"]
[WhiteElo "1393"]
[BlackElo "1241"]
[PlyCount "63"]
[EventDate "2016.09.25"]
[EventRounds "9"]
[EventCountry "ESP"]

1. e4 c5 2. Nf3 Nc6 3. Bc4 e5 4. d3 Nf6 5. Nc3 Be7 6. a3 O-O 7. Bd2 h6 8. Qe2
Nd4 9. Nxd4 cxd4 10. Nd5 d6 11. h3 Be6 12. Nxf6+ Bxf6 13. Bxe6 fxe6 14. Qg4 Kf7
15. f4 Rc8 16. Rc1 g6 17. Rf1 h5 18. Qf3 Kg7 19. g3 Be7 20. h4 exf4 21. gxf4
Bxh4+ 22. Ke2 Be7 23. Rg1 Kh7 24. Rg2 Rg8 25. Rh1 h4 26. Kd1 Kg7 27. f5 exf5
28. Qxf5 Qe8 29. Qd5 Qc6 30. Rxg6+ Kxg6 31. Rg1+ Kh7 32. Qh5# 1-0

[Event "XXVII Torneo San Viator - Memorial Pepe"]
[Site "Colegio San Viator. Plaza Fer"]
[Date "2016.10.23"]
[Round "6.34"]
[White "Perez Perez, Marta"]
[Black "Palomares Cortez, Facundo Seba"]
[Result "1/2-1/2"]
[WhiteElo "1392"]
[BlackElo "1184"]
[PlyCount "98"]
[EventDate "2016.09.25"]
[EventRounds "9"]
[EventCountry "ESP"]

1. e4 e5 2. Nf3 Nc6 3. Bc4 Bc5 4. c3 d6 5. d3 Be6 6. Bb3 Qd7 7. Nbd2 a5 8. a3
Nce7 9. h3 f5 10. Bxe6 Qxe6 11. exf5 Nxf5 12. Ne4 Bb6 13. Nfg5 Qe7 14. Qf3 g6
15. Ng3 Nxg3 16. Qxg3 O-O-O 17. Be3 Bxe3 18. Qxe3 b6 19. O-O Nf6 20. Ne4 Nxe4
21. Qxe4 d5 22. Qg4+ Qd7 23. Qg5 Qe6 24. Rfe1 Rde8 25. Qh4 Qe7 26. Qg4+ Qe6 27.
Qg3 h5 28. b4 a4 29. Rad1 h4 30. Qe3 Rhg8 31. Rc1 g5 32. c4 d4 33. Qe4 Kb8 34.
Rc2 Re7 35. Rce2 Rge8 36. Kh1 c6 37. Qg4 Qxg4 38. hxg4 Kc7 39. Re4 Kd7 40. f3
Re6 41. Kg1 R8e7 42. Kf2 Ke8 43. Kg1 Kf7 44. Kh2 Kg6 45. Kh3 Kf6 46. Kh2 Kf7
47. Kh3 Kf6 48. Kh2 Kf7 49. Kh1 Kg6 1/2-1/2

[Event "XXVII Torneo San Viator - Memorial Pepe"]
[Site "Colegio San Viator. Plaza Fer"]
[Date "2016.10.23"]
[Round "6.35"]
[White "Periotto Miori, Lautaro"]
[Black "Martin Rodriguez, Jose Luis"]
[Result "1-0"]
[WhiteElo "1237"]
[BlackElo "1378"]
[PlyCount "70"]
[EventDate "2016.09.25"]
[EventRounds "9"]
[EventCountry "ESP"]

1. e4 e6 2. d4 d5 3. e5 c5 4. c3 Nc6 5. Nf3 Qb6 6. a3 cxd4 7. cxd4 Bd7 8. Be2
Nge7 9. b4 Nf5 10. Bb2 Be7 11. O-O Rc8 12. Qd3 O-O 13. Nbd2 a6 14. Nb3 Na7 15.
Rac1 Bb5 16. Qd2 Bxe2 17. Qxe2 Rfd8 18. Qd3 a5 19. Nxa5 Rc7 20. Rxc7 Qxc7 21.
Rc1 Qb6 22. Nb3 h6 23. Nc5 Bxc5 24. Rxc5 Nc6 25. g3 Ra8 26. Qc3 Nfe7 27. Nd2
Ng6 28. b5 Nce7 29. Qc2 Ra5 30. a4 Qa7 31. Rc7 Rxa4 32. Rxb7 Qa8 33. Rb8+ Qxb8
34. Qxa4 Qb6 35. Kf1 Qa6 1-0

[Event "XXVII Torneo San Viator - Memorial Pepe"]
[Site "Colegio San Viator. Plaza Fer"]
[Date "2016.10.23"]
[Round "6.37"]
[White "Lopez Herrero, Israel"]
[Black "Vicioso Barbadillo, Juan J"]
[Result "1-0"]
[WhiteElo "1340"]
[BlackElo "1100"]
[PlyCount "55"]
[EventDate "2016.09.25"]
[EventRounds "9"]
[EventCountry "ESP"]

1. e4 e6 2. d4 d5 3. exd5 Qxd5 4. Nc3 Qd8 5. Bc4 Nf6 6. Nf3 Bb4 7. Bd2 O-O 8.
a3 Bxc3 9. Bxc3 Nc6 10. Qd3 Re8 11. O-O Qd6 12. Ng5 g6 13. Rfe1 a6 14. d5 Nd8
15. Bxf6 Qf4 16. Ne4 exd5 17. Bxd5 Bf5 18. Qe3 Qxe3 19. Rxe3 Ne6 20. Bxe6 Bxe6
21. Ng5 Bd7 22. Rae1 Rxe3 23. Rxe3 b5 24. Re4 Bf5 25. Re7 Bxc2 26. Rxf7 Re8 27.
Rg7+ Kf8 28. Nxh7# 1-0

[Event "XXVII Torneo San Viator - Memorial Pepe"]
[Site "Colegio San Viator. Plaza Fer"]
[Date "2016.10.23"]
[Round "6.38"]
[White "Jimenez Sanchez, Juan Daniel"]
[Black "Lavado Pena, David"]
[Result "1-0"]
[WhiteElo "1339"]
[BlackElo "1026"]
[PlyCount "43"]
[EventDate "2016.09.25"]
[EventRounds "9"]
[EventCountry "ESP"]

1. d4 d5 2. Nf3 Nc6 3. c4 dxc4 4. Qc2 Nxd4 5. Nxd4 Qxd4 6. e3 Qc5 7. Bxc4 b5 8.
Bxf7+ Kxf7 9. Qxc5 a6 10. Qd5+ Be6 11. Qxa8 Nf6 12. Qxa6 g6 13. Qxb5 Bg7 14.
Nd2 Rd8 15. O-O Rc8 16. Nf3 c6 17. Ne5+ Kg8 18. Nxc6 Kf7 19. Qb7 Bf8 20. Rd1
Nd7 21. Qxc8 Nf6 22. Ne5+ 1-0

[Event "XXVII Torneo San Viator - Memorial Pepe"]
[Site "Colegio San Viator. Plaza Fer"]
[Date "2016.10.23"]
[Round "6.41"]
[White "Amador Andujar, Alfredo"]
[Black "Guillo Sanchez-Galiano, Ernest"]
[Result "1-0"]
[WhiteElo "1575"]
[BlackElo "1202"]
[PlyCount "81"]
[EventDate "2016.09.25"]
[EventRounds "9"]
[EventCountry "ESP"]

1. e4 d6 2. d4 g6 3. Be3 Bg7 4. Bd3 Nf6 5. Nc3 O-O 6. Nge2 Nbd7 7. f3 e5 8. Qd2
Re8 9. O-O-O exd4 10. Bxd4 c5 11. Be3 a6 12. g4 b5 13. Ng3 Ne5 14. Be2 b4 15.
Nb1 Bf8 16. Bxc5 Be6 17. Bxb4 Nc4 18. Qd4 Bh6+ 19. Nd2 Rc8 20. Kb1 Ne3 21. Rc1
Bxa2+ 22. Kxa2 Nxc2 23. Rxc2 Rxc2 24. Bc3 Bg7 25. Qd3 Rxc3 26. Qxc3 Nxe4 27.
Qd3 Nf2 28. Qxa6 Nxh1 29. Nxh1 Qf6 30. Qb5 Ra8+ 31. Kb1 Qd4 32. Nf1 Qa7 33.
Nhg3 Qa1+ 34. Kc2 Rc8+ 35. Bc4 Rxc4+ 36. Qxc4 Qxb2+ 37. Kd1 Qa1+ 38. Qc1 Qa4+
39. Ke2 Qa2+ 40. Qd2 Qa6+ 41. Kf2 1-0

[Event "XXVII Torneo San Viator - Memorial Pepe"]
[Site "Colegio San Viator. Plaza Fer"]
[Date "2016.10.23"]
[Round "6.42"]
[White "Fogue Caro, David"]
[Black "Pedraza Del Toro, Marcos"]
[Result "1-0"]
[WhiteElo "1524"]
[BlackElo "1091"]
[PlyCount "41"]
[EventDate "2016.09.25"]
[EventRounds "9"]
[EventCountry "ESP"]

1. c4 c6 2. Nc3 Nf6 3. g3 g6 4. Bg2 Bg7 5. Nf3 O-O 6. O-O d6 7. d4 Nbd7 8. Re1
e5 9. e3 Re8 10. b4 Qb6 11. Qb3 c5 12. bxc5 Qxb3 13. axb3 dxc5 14. d5 Ng4 15.
e4 Bh6 16. Bxh6 Nxh6 17. Nb5 Re7 18. Nc7 Rb8 19. d6 Re6 20. Nxe6 Nb6 21. Nxc5
1-0

[Event "XXVII Torneo San Viator - Memorial Pepe"]
[Site "Colegio San Viator. Plaza Fer"]
[Date "2016.10.23"]
[Round "6.46"]
[White "Furones Diez, Jose Luis"]
[Black "Perez Ramos, Miguel Angel"]
[Result "0-1"]
[WhiteElo "1173"]
[BlackElo "1193"]
[PlyCount "51"]
[EventDate "2016.09.25"]
[EventRounds "9"]
[EventCountry "ESP"]

1. d4 Nf6 2. Nf3 d6 3. Nc3 c6 4. e4 e6 5. Bd3 Be7 6. O-O O-O 7. Be3 b5 8. b3 b4
9. Ne2 Nfd7 10. c3 a5 11. a3 e5 12. axb4 f6 13. bxa5 Rxa5 14. c4 c5 15. Qd2 Nc6
16. d5 Nb4 17. Qd1 Qb6 18. Bd2 Rxa1 19. Qxa1 Nxd3 20. Qc3 Nb4 21. Ne1 Qa7 22.
Nc2 Qb7 23. f4 Qb6 24. fxe5 dxe5 25. Nxb4 cxb4+ 26. Kh1 0-1

[Event "XXVII Torneo San Viator - Memorial Pepe"]
[Site "Colegio San Viator. Plaza Fer"]
[Date "2016.10.23"]
[Round "6.48"]
[White "Amador Andujar, Gabriel"]
[Black "Marinas Olaya, Marta"]
[Result "0-1"]
[WhiteElo "1124"]
[BlackElo "1359"]
[PlyCount "140"]
[EventDate "2016.09.25"]
[EventRounds "9"]
[EventCountry "ESP"]

1. e4 c5 2. Nf3 d6 3. Bc4 h6 4. Nc3 Nf6 5. d3 g6 6. h3 Bg7 7. Nd5 Nxd5 8. Bxd5
e6 9. Bc4 Qe7 10. Bf4 d5 11. Bb3 dxe4 12. dxe4 Bxb2 13. Rb1 Bc3+ 14. Bd2 Bf6
15. O-O O-O 16. Bxh6 Rd8 17. Qc1 Nc6 18. Qe3 Nb4 19. e5 Bh4 20. Nxh4 Qxh4 21.
Bg5 Qd4 22. Qxd4 Rxd4 23. c3 Re4 24. cxb4 cxb4 25. Bf6 b6 26. Rfd1 Ba6 27. Rd7
Bb5 28. Rd6 Rc8 29. Rd8+ Rxd8 30. Bxd8 Rxe5 31. Bc2 Bc4 32. Rxb4 Bxa2 33. Ra4
Re1+ 34. Kh2 Bd5 35. Rxa7 Re2 36. Rd7 Rxf2 37. Bxg6 fxg6 38. Bc7 Rxg2+ 39. Kh1
Rc2+ 40. Kg1 b5 41. Rd8+ Kh7 42. Rd7+ Kg8 43. Rd8+ Kf7 44. Be5 Rg2+ 45. Kf1 Rg5
46. Bf4 Rf5 47. Rd7+ Kf6 48. Rc7 Rxf4+ 49. Ke2 b4 50. Rc5 b3 51. Rb5 Bc4+ 52.
Ke3 Bxb5 53. Kxf4 b2 54. h4 b1=Q 55. h5 Qf5+ 56. Ke3 gxh5 57. Kd4 Bc4 58. Kxc4
e5 59. Kc3 Qg4 60. Kd2 Qg3 61. Ke2 h4 62. Kf1 Qh2 63. Ke1 Kf5 64. Kf1 Kf4 65.
Ke1 Kf3 66. Kd1 Ke3 67. Kc1 Kd3 68. Kb1 Kc3 69. Ka1 Kb3 70. Kb1 Qb2# 0-1

[Event "XXVII Torneo San Viator - Memorial Pepe"]
[Site "Colegio San Viator. Plaza Fer"]
[Date "2016.11.06"]
[Round "7.1"]
[White "Aguilera Prada, Alejandro"]
[Black "Serrano Gonzalez, Oscar"]
[Result "0-1"]
[WhiteElo "1459"]
[BlackElo "1714"]
[PlyCount "94"]
[EventDate "2016.09.25"]
[EventRounds "9"]
[EventCountry "ESP"]

1. d4 f5 2. Nc3 d5 3. Bf4 a6 4. Nf3 Nf6 5. e3 e6 6. Bd3 Be7 7. O-O c5 8. Re1
Qb6 9. Na4 Qa5 10. Nxc5 Bxc5 11. dxc5 Qxc5 12. Rc1 Qa5 13. c4 Nc6 14. Bd6 Bd7
15. a3 Ne4 16. Bxe4 dxe4 17. Nd4 Ne7 18. Qh5+ Ng6 19. Qg5 Qd8 20. Qh5 Qf6 21.
g3 e5 22. Red1 exd4 23. Rxd4 O-O-O 24. c5 Ne5 25. Qe2 Nf3+ 26. Kg2 Nxd4 27.
exd4 Qxd4 28. Qe1 Qa4 29. Rc4 Qc6 30. Qa5 e3+ 31. Kf1 Rhe8 32. Ke2 exf2+ 33.
Kxf2 Re4 34. Rxe4 fxe4 35. Ke3 Be8 36. b4 Rd7 37. a4 Rxd6 38. cxd6 Qxd6 39.
Qf5+ Bd7 40. Qxe4 Qe6 41. a5 Kc7 42. Kd4 Qxe4+ 43. Kxe4 Kd6 44. h4 h5 45. Kd4
Kc6 46. Kc4 Be6+ 47. Kc3 Kb5 0-1